| 000 | 00547nam a22001817a 4500 | ||
|---|---|---|---|
| 999 |
_c17101 _d17101 |
||
| 008 | 180807b xxu||||| |||| 00| 0 eng d | ||
| 020 | _a0091881803 | ||
| 040 |
_aKABU _cKABU |
||
| 050 |
_aPR1309 _b.T73W44 2001 c. 1 |
||
| 245 |
_aThe weekenders _btravels in the heart of Africa _cAlex Garland ...[eta al.]. |
||
| 260 |
_aLondon _bEbury Press _c2001 |
||
| 300 | _a340 p. | ||
| 650 |
_aTravels _xFiction |
||
| 650 | _aShort stories, English | ||
| 650 |
_aSudan _xFiction |
||
| 700 | _aGarland, Alex ...[et al.]. | ||
| 942 |
_2lcc _cBK _hPR1309 |
||